MARC

LEADER 00000nam0a2200000 4500
001 18396
005 20231030191255.0
010 |a 5020099899 
035 |a (RuTPU)RU\TPU\book\18546 
035 |a BOOK00003234 
090 |a 18396 
100 |a 20011209d1990 k y0rusy50 ca 
101 0 |a rus 
102 |a RU 
105 |a a z 000zy 
200 1 |a Культура народов Центральной и Юго-Восточной Европы XVIII-XIX вв.  |e Типология и взаимодействие  |f Академия наук СССР (АН СССР), Институт славяноведения и балканистики (ИСБ) ; отв. ред. И. И. Свирида 
210 |a Москва  |c Наука  |d 1990 
215 |a 285 с.  |c ил. 
610 1 |a культура 
610 1 |a история 
610 1 |a 18 век 
610 1 |a 19 век 
610 1 |a Центральная Европа 
610 1 |a Юго-Восточная Европа 
610 1 |a художественная культура 
610 1 |a язык 
610 1 |a национальная культура 
610 1 |a народная культура 
686 |a Ч113  |v LBC/SL-A  |2 rubbk 
686 |a Т3(4)  |v LBC/SL-A  |2 rubbk 
702 1 |a Свирида  |b И. И.  |g Инесса Ильинишна  |4 340 
712 0 2 |a Академия наук СССР (АН СССР)  |b Институт славяноведения и балканистики (ИСБ)  |c (Москва)  |2 stltpush  |3 (RuTPU)RU\TPU\col\11355 
801 0 |a RU  |b 63413507  |c 20011209  |g PSBO 
801 2 |a RU  |b 63413507  |c 20130111  |g PSBO 
942 |c BK